Central Library OPAC University of Rajshahi
Normal view MARC view

Entry Personal Name

Number of records used in: 2

001 - CONTROL NUMBER

  • control field: 15185

003 - CONTROL NUMBER IDENTIFIER

  • control field: BD-RjUL

005 - DATE AND TIME OF LATEST TRANSACTION

  • control field: 20250313102554.0

008 - FIXED-LENGTH DATA ELEMENTS

  • fixed length control field: 250313|| aca||aabn | a|a d

040 ## - CATALOGING SOURCE

  • Original cataloging agency: BD-RjUL
  • Transcribing agency: BD-RjUL

100 ## - HEADING--PERSONAL NAME

  • Personal name: Rahman, Ziaur
  • Dates associated with a name: 1936-1981

670 ## - SOURCE DATA FOUND

  • Source citation: Work cat.: (BD-RjUL)84777: হোসেন, মোহাম্মদ আখতার 9183, জিয়াউর রহমান : , ২০১৪